000 00415nam a2200157Ia 4500
008 240729s9999 xx 000 0 und d
022 _a2148-3817
245 0 _aJournal of International Advanced Otology
260 _aTürkiye
260 _bAVES
650 _a Otorhinolaryngology
650 _aMedicine
856 _uhttps://doaj.org/toc/a797b2c8a66b47fc9370695c4190d830
942 _2ddc
942 _cDOAJEJ
999 _c66358
_d66358
945 _a1
_bMadushi Gamage
_c1
_dMadushi Gamage